000 01068nas a2200373 4500
001 BR9503857
003 BR-BrBNA
005 20231205094059.0
007 ta
008 230509b bl.|||p| |||| 00| 00por d
040 _aBR-BrBNA
_bpor
_cBiblioteca Nacional de Agricultura
041 _a(Pt)
072 _aL73
100 1 _aMachado, A.V.
100 1 _aSilva, J.M.L. da
100 1 _aCurial, O.
100 1 _aTrein, E.J.
100 1 _aSaliba, A.M.
100 1 _aMartins, E.O.
100 1 _aCavalcante, M.I.
100 1 _aSantos, J.A. dos
100 1 _aTokarnia, C.H.
100 1 _aDoberreiner, J.
100 1 _aFaria, J.F.
100 1 _aNovloski, G.
100 1 _aPereira, E.F. da C.
245 1 _aIncidencia de blastomas em animais no Brasil
650 _aTumor Maligno
650 _aTumor Benigno
650 _aDisturbio Animal
773 0 _tArquivos da Escola de Veterinaria da Universidade Federal de Minas Gerais (Brazil)
_x
_g(1963), v. 15 p. 327-401
_wBR9503857
909 _a202311
_bLúcia
_c55
_dLúcia Elande
942 _2AGRIS
_n0
_cANA
999 _c141967
_d141967